| 000 | 00728nam a2200241Ia 4500 | ||
|---|---|---|---|
| 003 | OSt | ||
| 005 | 20230819110846.0 | ||
| 008 | 210716s2017 xx 000 0 und d | ||
| 020 | _a9788184889581 | ||
| 040 | _cAIMIT LIBRARY | ||
| 041 | _aeng | ||
| 082 |
_a363.34 _21 _bKUMM |
||
| 100 |
_aKumar, M Saravana. _9130300 |
||
| 245 |
_aDisaster management / _cBy Saravana Kumar. |
||
| 250 | _a1st ed. | ||
| 260 |
_aNew Delhi : _bHimalaya Publishing House , _c2017. |
||
| 300 |
_a280p. ; _bPB _c23.8 cm. |
||
| 650 |
_aGeneral Management _9130301 |
||
| 651 |
_aDisaster response _9130302 |
||
| 651 |
_aDisaster risk management _9130303 |
||
| 651 |
_aManagement of disaster management _9130304 |
||
| 942 |
_2ddc _cBK _e1st _k363.34 KUMM |
||
| 999 |
_c210502 _d210502 |
||